Score 0/174 Timer 15:00
0 Plays Today
Chapter Word % Correct
Chapter 3: Tyriona
100%
Chapter 3: Tyriona
100%
Chapter 8: Tyriona
100%
Chapter 8: Tyriona
100%
Chapter 1: Aryathe
95.7%
Chapter 2: SansaThe
95.7%
Chapter 2: Sansathe
95.7%
Chapter 2: Sansathe
95.7%
Chapter 2: Sansathe
95.7%
Chapter 3: Tyrionthe
95.7%
Chapter 3: Tyrionthe
95.7%
Chapter 4: Branthe
95.7%
Chapter 4: Branthe
95.7%
Chapter 4: Branthe
95.7%
Chapter 7: Catelynthe
95.7%
Chapter 7: Catelynthe
95.7%
Chapter 9: AryaThe
95.7%
Chapter 9: Aryathe
95.7%
Chapter 10: DavosThe
95.7%
Chapter 10: Davosthe
95.7%
Chapter 8: Tyrionhe
89.4%
Chapter 1: Aryaand
85.1%
Chapter 2: Sansaand
85.1%
Chapter 4: Branand
85.1%
Chapter 5: Aryaand
85.1%
Chapter 5: Aryaand
85.1%
Chapter 5: Aryaand
85.1%
Chapter 7: Catelynand
85.1%
Chapter 8: Tyrionand
85.1%
Chapter 1: Aryawas
83%
Chapter 7: Catelynwas
83%
Chapter 8: Tyrionwas
83%
Chapter 9: Aryawas
83%
Chapter 10: Davoswas
83%
Chapter 4: Branto
80.9%
Chapter 5: Aryato
80.9%
Chapter 7: Catelynto
80.9%
Chapter 1: Aryaher
78.7%
Chapter 1: Aryaher
78.7%
Chapter 2: Sansaof
78.7%
Chapter 2: Sansaof
78.7%
Chapter 3: Tyrionof
78.7%
Chapter 4: Branof
78.7%
Chapter 4: Branof
78.7%
Chapter 7: CatelynHer
78.7%
Chapter 7: Catelynof
78.7%
Chapter 10: Davosof
78.7%
Chapter 1: Arya'Arya
76.6%
Chapter 7: Catelynit
76.6%
Chapter 7: Catelynit
76.6%
Chapter 2: SansaKing
74.5%
Chapter 4: BranBran
72.3%
Chapter 3: TyrionIn
70.2%
Chapter 3: Tyrionin
70.2%
Chapter 1: Aryahad
68.1%
Chapter 1: Aryahad
68.1%
Chapter 6: JonJon
68.1%
Chapter 7: Catelynon
68.1%
Chapter Word % Correct
Chapter 1: AryaAt
66%
Chapter 1: Aryabe
66%
Chapter 2: Sansaday
66%
Chapter 7: CatelynStark
63.8%
Chapter 4: Branhis
61.7%
Chapter 7: CatelynCatelyn
61.7%
Chapter 1: Aryathey
59.6%
Chapter 5: AryaThey
59.6%
Chapter 2: Sansaname
57.4%
Chapter 1: AryaWinterfell
55.3%
Chapter 1: Aryabut
55.3%
Chapter 1: Aryathat
55.3%
Chapter 7: Catelynthat
55.3%
Chapter 2: Sansamorning
53.2%
Chapter 10: Davosmorning
53.2%
Chapter 2: SansaJoffrey's
51.1%
Chapter 8: Tyrionson,
51.1%
Chapter 1: Aryacould
48.9%
Chapter 2: Sansawith
48.9%
Chapter 8: Tyrionman
48.9%
Chapter 10: Davoswith
48.9%
Chapter 1: Aryacalled
46.8%
Chapter 6: Joncalled
46.8%
Chapter 7: Catelynfrom
44.7%
Chapter 6: Jon''Sam?''
40.4%
Chapter 10: Davosdark
40.4%
Chapter 1: AryaHorseface'
36.2%
Chapter 1: Aryaboy
36.2%
Chapter 5: Aryadawn
36.2%
Chapter 10: Davosair
36.2%
Chapter 9: Aryathan
34%
Chapter 1: Aryabefore
31.9%
Chapter 3: Tyrionlike
31.9%
Chapter 7: Catelynson's
31.9%
Chapter 8: Tyrionlike
31.9%
Chapter 7: Catelynhead.
27.7%
Chapter 10: Davosgods.
27.7%
Chapter 7: Catelynseemed
25.5%
Chapter 7: CatelynRobb's
25.5%
Chapter 1: Aryathought
23.4%
Chapter 1: Aryanamed
23.4%
Chapter 2: Sansabright
23.4%
Chapter 2: Sansalong
23.4%
Chapter 3: Tyrionlooked
23.4%
Chapter 9: Aryamore
23.4%
Chapter 1: Aryanothing
21.3%
Chapter 2: Sansathrough
21.3%
Chapter 5: Aryathrough
21.3%
Chapter 9: Aryaroad
21.3%
Chapter 9: Aryathrough
21.3%
Chapter 10: Davosburning
21.3%
Chapter 1: Aryaworse,
19.1%
Chapter 2: Sansadawned
19.1%
Chapter 3: Tyrionwhite
19.1%
Chapter 3: TyrionSer
19.1%
Chapter 7: Catelyncrown
19.1%
Chapter 10: Davossmoke
19.1%
Chapter 1: Aryashe'd
17%
Chapter Word % Correct
Chapter 1: AryaLommy
17%
Chapter 1: Arya'Lumpyhead.'
17%
Chapter 2: Sansacomet
17%
Chapter 3: TyrionKingsguard,
17%
Chapter 3: TyrionMandon
17%
Chapter 3: TyrionMoore
17%
Chapter 7: Catelynweight
17%
Chapter 8: Tyrionbutcher's
17%
Chapter 1: AryaGreenhands
14.9%
Chapter 2: Sansagreat
14.9%
Chapter 6: Jonsoftly.
14.9%
Chapter 7: Catelynfresh
14.9%
Chapter 7: Catelynheavy
14.9%
Chapter 8: TyrionSlynt
14.9%
Chapter 8: Tyrionmeat.
14.9%
Chapter 2: Sansaclouds.
12.8%
Chapter 5: Aryawoods
12.8%
Chapter 7: Catelynforge,
12.8%
Chapter 8: TyrionJanos
12.8%
Chapter 8: Tyrionlaughed
12.8%
Chapter 9: Aryalittle
12.8%
Chapter 9: Aryatwo
12.8%
Chapter 4: Branhard
10.6%
Chapter 5: Aryadusk,
10.6%
Chapter 8: Tyrionchopping
10.6%
Chapter 1: Aryaorphan
8.5%
Chapter 4: Branwindow
8.5%
Chapter 5: Aryasmall
8.5%
Chapter 7: Catelynpressed
8.5%
Chapter 2: Sansatail
6.4%
Chapter 2: Sansahigh
6.4%
Chapter 3: Tyrioncorpse
6.4%
Chapter 3: Tyrionshroud.
6.4%
Chapter 4: Branstone
6.4%
Chapter 4: Branseat
6.4%
Chapter 5: Aryatraveled
6.4%
Chapter 5: Aryafields,
6.4%
Chapter 9: Aryaruts
6.4%
Chapter 2: Sansawindy,
4.3%
Chapter 3: Tyrionchilly
4.3%
Chapter 3: Tyrionraiment
4.3%
Chapter 5: Aryapast
4.3%
Chapter 5: Aryaorchards
4.3%
Chapter 5: Aryavillages,
4.3%
Chapter 5: Aryaholdfasts.
4.3%
Chapter 9: Aryaweeds.
4.3%
Chapter 2: Sansavisible
2.1%
Chapter 2: Sansascuttling
2.1%
Chapter 4: Branpreferred
2.1%
Chapter 4: Brancomforts
2.1%
Chapter 4: Branfeatherbed
2.1%
Chapter 4: Branblankets.
2.1%
Chapter 5: Aryaneatly
2.1%
Chapter 5: Aryatended
2.1%
Chapter 5: Aryacrowded
2.1%
Chapter 5: Aryamarket
2.1%
Chapter 5: Aryatowns,
2.1%
Chapter 5: Aryastout
2.1%

You're not logged in!

Compare scores with friends on all Sporcle quizzes.
OR
Log In

Sporcle TV

Today on Sporcle TV


Watch our educational content, quiz creation guides, and fun videos on Sporcle TV.

Show Comments

Extras

Top Quizzes Today


Score Distribution

Paid Content

Your Account Isn't Verified!

In order to create a playlist on Sporcle, you need to verify the email address you used during registration. Go to your Sporcle Settings to finish the process.

Report this User

Report this user for behavior that violates our Community Guidelines.

Details: